Halford Luccock treasury. (Record no. 13983)

000 -LEADER
fixed length control field 00574nam a2200181 a 4500
001 - CONTROL NUMBER
control field :::00011807$&:&@@
003 - CONTROL NUMBER IDENTIFIER
control field OkBaRHE
005 - DATE AND TIME OF LATEST TRANSACTION
control field 20000607103413.0
008 - FIXED-LENGTH DATA ELEMENTS--GENERAL INFORMATION
fixed length control field s1963 j 000 0 eng u
040 ## - CATALOGING SOURCE
Transcribing agency
100 1# - MAIN ENTRY--PERSONAL NAME
Personal name Luccock, Robert Edward, 1915-
245 10 - TITLE STATEMENT
Title Halford Luccock treasury.
260 ## - PUBLICATION, DISTRIBUTION, ETC. (IMPRINT)
Place of publication, distribution, etc New York, NY., :
Name of publisher, distributor, etc Abingdon Press
Date of publication, distribution, etc c1963
300 ## - PHYSICAL DESCRIPTION
Extent 446 p. : illus. ;
Dimensions 24 cm.
650 ## - SUBJECT ADDED ENTRY--TOPICAL TERM
Topical term or geographic name as entry element Theology
General subdivision Collected Works
-- 20th Century
942 ## - ADDED ENTRY ELEMENTS (KOHA)
Source of classification or shelving scheme
Koha item type Books
Copies
Barcode Koha item type Not for loan Damaged status Price effective from Full call number Lost status Copy number Source of classification or shelving scheme Shelving location Date acquired Withdrawn status Date last seen Permanent Location
11807Books  2010-04-14BX 8217 .L8 1 General Stacks2010-04-14 2010-04-14RHEMA Bible Training College